Central Library OPAC University of Rajshahi

Boule de Suif : (Record no. 22319)

MARC details
000 -LEADER
fixed length control field 00731nam a22002412a 4500
001 - CONTROL NUMBER
control field 22319
003 - CONTROL NUMBER IDENTIFIER
rucl marc code BD-RjUL
005 - DATE AND TIME OF LATEST TRANSACTION
control field 20211209000807.0
008 - FIXED-LENGTH DATA ELEMENTS--GENERAL INFORMATION
fixed length control field 140306r19541946enk 000 0 eng u
035 ## - SYSTEM CONTROL NUMBER
System control number (BD-RjUL)22384
040 ## - CATALOGING SOURCE
Original cataloging agency KSU
Modifying agency OCL
-- EIS
-- EQO
-- BD-RjUL
Language of cataloging eng
Transcribing agency BD-RjUL
041 1# - LANGUAGE CODE
Language code of text/sound track or separate title engfre
082 ## - DEWEY DECIMAL CLASSIFICATION NUMBER
Classification number 843.8
Author mark and year MAB
090 ## - LOCALLY ASSIGNED LC-TYPE CALL NUMBER (OCLC); LOCAL CALL NUMBER (OCLC)
Classification number (OCLC) (R) ; Classification number, CALL (RLIN) (NR) PQ2349
Local cutter number (OCLC) ; Book number/undivided call number, CALL (RLIN) .A2x 1956b
100 1# - MAIN ENTRY--PERSONAL NAME
Personal name Maupassant, Guy de,
Dates associated with a name 1850-1893.
9 (RLIN) 68914
245 10 - TITLE STATEMENT
Title Boule de Suif :
Remainder of title and other stories. /
Statement of responsibility, etc. Trans. by H.N.P. Sloman.
260 ## - PUBLICATION, DISTRIBUTION, ETC. (IMPRINT)
Place of publication, distribution, etc. Harmondsworth, Middlesex :
Name of publisher, distributor, etc. Penguin Books,
Date of publication, distribution, etc. 1946 [reprinted 1954]
300 ## - PHYSICAL DESCRIPTION
Pagination 229 p. ;
Size 19 cm.
490 1# - SERIES STATEMENT
Series statement Penguin classics ;
Volume/sequential designation L2
830 #0 - SERIES ADDED ENTRY--UNIFORM TITLE
Volume number/sequential designation L2.
Uniform title Penguin classics ;
942 ## - ADDED ENTRY ELEMENTS (KOHA)
Source of classification or shelving scheme Dewey Decimal Classification
Koha item type Books
Holdings
Lost status Source of classification or shelving scheme Damaged status Not for loan Collection code Permanent Location Current Location Shelving location Date acquired Source of acquisition Cost, normal purchase price Total Checkouts Full call number Date last seen Copy number Koha item type
  Dewey Decimal Classification   Added to bundle Fiction Central Library, University of Rajshahi Central Library, University of Rajshahi Reading Room 21/09/1955 B.H. black well 2.50   843.8 MAB 1954 08/03/2014 C-1 Books